000
00308nam a22001337a 4500
008
181023b xxu||||| |||| 00| 0 eng d
020
_a
9780471530121
041
_a
eng
080
_a
510
100
_a
37
101
_a
MAT
245
_a
Practice Algebra A self Teachung Guide
_c
Peter.S
942
_2
udc
_c
BK
999
_c
50659
_d
50659